00241nam a2200097Ia 4500008004100000041001200041100001800053245005900071260000600130650000700136221030s9999 xx 000 0 und d aEnglish aD. W. Conklin 0aCases in the Environment of Businesscby D. W. Conklin c0 aMb